Szczegóły MARC21

Love's labour's lost /

003 -Nazwa inst., której nr kontr. jest w polu 001 [,]
    • @
    • Nazwa instytucji, której n kontrolny jest w polu 001
    • NUKAT
005 -DATA I CZAS OSTATNIEJ MODYFIKACJI [,]
    • @
    • pole kontrolne
    • 20260408151013.0
020 -Międzynarod. znormalizowany nr książki - ISBN [ , ]
    • a
    • Numer ISBN
    • 0416473105 Find
    • q
    • Dopowiedzenie
    • hardback ed.
020 -Międzynarod. znormalizowany nr książki - ISBN [ , ]
    • a
    • Numer ISBN
    • 0415026954 Find
    • q
    • Dopowiedzenie
    • paperback ed.
040 -Instytucja sporządzająca opis [ , ]
    • a
    • Instytucja, która sporządziła opis (NP)
    • KR U/63BeG
    • c
    • Instytucja, która sporządziła rekord (NP)
    • KR U/63BeG
    • d
    • Instytucja, która zmodyfikowała rekord (P)
    • KR U/63BeG
044 -Kraj miejsca wydania [ , ]
    • a
    • Kraj miejsca wydania
    • Wielka Brytania po 1988
    • a
    • Kraj miejsca wydania
    • Stany Zjednoczone po 1988
942 -Rodzaj dokumentu [ , ]
    • c
    • Rodzaj dokumentu
    • Książka
100 -Hasło główne - nazwa osobowa [1, ]
    • a
    • Nazwa osobowa (NP)
    • Shakespeare, William
    • d
    • Daty biograficzne (NP)
    • (1564-1616).
    • 9
    • KHW
    • 13776
240 -Tytuł ujednolicony [1,0]
    • a
    • Tytuł ujednolicony
    • Love's labour's lost
    • l
    • Język tekstu
    • (ang.)
    • 9
    • KHW
    • 598612
245 -Strefa tytułu i oznaczenia odpowiedzialności [1,0]
    • a
    • Tytuł
    • Love's labour's lost / Find
    • c
    • Pozostałe elementy strefy tytułu i oznaczenia odpowiedzialności (NP)
    • [Shakespeare] ; ed. by Richard David.
250 -Strefa wydania [ , ]
    • a
    • Oznaczenie wydania (NP)
    • Repr.
260 -Strefa adresu wydawniczego [ , ]
    • a
    • Miejsce wydania (P)
    • London ;
    • a
    • Miejsce wydania (P)
    • New York :
    • b
    • Nazwa wydawcy (P)
    • Routledge,
    • c
    • Data wydania (P)
    • 1994.
300 -Strefa opisu fizycznego [ , ]
    • a
    • Określenie formy książki i/lub objętość (NP)
    • XLIV, 187 s. ;
    • c
    • Format (NP)
    • 20 cm.
336 -Typ zawartości [ , ]
    • a
    • Termin opisujący typ zawartości
    • Tekst
    • b
    • Kod określający zawartość
    • txt
    • 2
    • Źródło (terminu i kodu)
    • rdacontent
337 -Typ mediów [ , ]
    • a
    • Tryb odtwarzania
    • Bez urządzenia pośredniczącego
    • b
    • Kod typu mediów
    • n
    • 2
    • Źródło (terminu i kodu)
    • rdamedia
338 -Typ/rodzaj nośnika [ , ]
    • a
    • Hasło opisujące typ nośnika
    • Wolumin
    • b
    • Kod typu nośnika
    • nc
    • 2
    • Źródło (terminu i kodu)
    • rdacarrier
490 -Strefa serii i książki wielotomowej - forma nie do wyszukiwania [1, ]
    • a
    • Tytuł (P)
    • The Arden edition of the works of William Shakespeare Find
080 -Uniwersalna Klasyfikacja Dziesiętna [ , ]
    • a
    • Symbol klasyfikacji
    • 820-2=20
080 -Uniwersalna Klasyfikacja Dziesiętna [ , ]
    • a
    • Symbol klasyfikacji
    • :820(091)-2"15"Shakespeare W.=20
600 -Hasło przedmiotowe w formie nazwy osobowej [1,7]
    • a
    • Nazwa osobowa
    • Shakespeare, William
    • d
    • Daty związane z nazwą
    • (1564-1616).
    • t
    • Tytuł
    • Love's labour's lost
    • 2
    • Źródło terminu
    • kaba
655 -Hasło w funkcji tematu formalnego [ ,7]
    • a
    • Hasło
    • Dramat angielski
    • y
    • Określnik chronologiczny
    • 16 w.
    • 2
    • Źródło terminu
    • kaba
    • 9
    • KHW
    • 183950
980 -Symbol UKD [ , ]
    • a
    • UKD
    • 820-2:820(091)-2"15"Shakespeare W.]=20
700 -Hasło dodatkowe - nazwa osobowa [1, ]
    • a
    • Nazwa osobowa (NP)
    • David, Richard Find
    • d
    • Daty biograficzne (NP)
    • (1912-1993).
    • e
    • Określenie rodzaju współpracy
    • Red.
    • 9
    • KHW
    • 598611
710 -Hasło dodatkowe - nazwa ciała zbiorowego [2, ]
    • a
    • Nazwa ciała zbiorowego lub nazwa geograficzna jako pierwszy element (NP)
    • Routledge.
    • 4
    • Kod relacji
    • pbl
    • 9
    • KHW
    • 54948
800 -Hasło dodatkowe opisu książki wielotomowej - nazwa osobowa [1, ]
    • a
    • Nazwa osobowa (NP)
    • Shakespeare, William
    • d
    • Daty biograficzne (NP)
    • (1564-1616).
    • t
    • Tytuł ujednolicony/tytuł (NP)
    • Arden Shakespeare
    • 9
    • KHW
    • 598176
920 -ISBN [ , ]
    • a
    • ISBN
    • 0-416-47310-5 Find
    • q
    • Dopowiedzenie
    • hardback ed.
920 -ISBN [ , ]
    • a
    • ISBN
    • 0-415-02695-4 Find
    • q
    • Dopowiedzenie
    • paperback ed.
Numer inwentarzowy Status udost. Lokalizacja Data inwentaryzacji Sygnatura
A.57411BM2000-06-20ANG. Shakespeare 13